ՀՀ Գիտությունների ազգային ակադեմիայի հիմնարար գիտական գրադարան  =   Fundamental Scientific Library of NAS RA

Единство анализа и синтеза / (Record no. 525319)

MARC details
000 -LEADER
fixed length control field 01182nam a2200265 a 4500
003 - CONTROL NUMBER IDENTIFIER
control field AM-YEHGA
001 - CONTROL NUMBER
control field 1583390
005 - DATE AND TIME OF LATEST TRANSACTION
control field 20250617164511.0
008 - FIXED-LENGTH DATA ELEMENTS--GENERAL INFORMATION
fixed length control field 190422s1962 ru |||||r|||||001|0|rus||
040 ## - CATALOGING SOURCE
Original cataloging agency AM-YeHGA
041 0# - LANGUAGE CODE
Language code of text/sound track or separate title rus
090 ## - LOCALLY ASSIGNED LC-TYPE CALL NUMBER (OCLC); LOCAL CALL NUMBER (RLIN)
-- 532525
100 1# - MAIN ENTRY--PERSONAL NAME
Personal name Бурова, Ирина Николаевна
245 10 - TITLE STATEMENT
Title Единство анализа и синтеза /
Statement of responsibility, etc. И. Н. Бурова ; Ред. доц. Лехнер Е.А.; М-во высш. и сред. спец. образования РСФСР. Моск. ордена Ленина энерг. ин-т. Кафедра истории КПСС.
260 ## - PUBLICATION, DISTRIBUTION, ETC.
Place of publication, distribution, etc. Москва :
Name of publisher, distributor, etc. Б. и.,
Date of publication, distribution, etc. 1962.
300 ## - PHYSICAL DESCRIPTION
Extent 38 с. ;
Dimensions 20 см.
504 ## - BIBLIOGRAPHY, ETC. NOTE
Bibliography, etc. note Библиогр. в подстроч. примеч.
650 14 - SUBJECT ADDED ENTRY--TOPICAL TERM
Topical term or geographic name entry element Философия
650 14 - SUBJECT ADDED ENTRY--TOPICAL TERM
Topical term or geographic name entry element Марксистско-ленинская философия
653 0# - INDEX TERM--UNCONTROLLED
Uncontrolled term Синтез (философия);
653 0# - INDEX TERM--UNCONTROLLED
Uncontrolled term Анализ (философия)
700 1# - ADDED ENTRY--PERSONAL NAME
Personal name Лехнер, Е. А.
Relator term ред.
Relationship edt
710 2# - ADDED ENTRY--CORPORATE NAME
Corporate name or jurisdiction name as entry element Московский энергетический институт
Subordinate unit Кафедра истории КПСС.
942 ## - ADDED ENTRY ELEMENTS (KOHA)
Source of classification or shelving scheme Universal Decimal Classification
Koha item type Գրքեր / Books
Holdings
Withdrawn status Lost status Damaged status Not for loan Collection Home library Current library Date acquired Total checkouts Full call number Barcode Date last seen Price effective from Koha item type Public note
        General Fundamental Scientific Library Fundamental Scientific Library 22/03/2022   РII/72277 FL0675543 22/03/2022 22/03/2022 Գրքեր / Books 30 Days Loan


ՀՀ ԳԱԱ հիմնարար գիտական գրադարան
ՀՀ,Երևան 0019
Մարշալ Բաղրամյան 24/6
հեռախոս:(374-10) 52-47-50
Հետադարձ կապ

All site content, except where otherwise noted, is licensed under a
Creative Commons License